Statistiques concernant Les pays contenant entre 60 % et 70 % de musulmans

Cliquez ici pour prendre le quiz!

Statistiques générales

  • Ce quiz a été pris 8 fois
  • Le résultat moyen est 1 sur 2

Statistiques - réponses

HintRéponse% Correct
67,0 %Brunei
100%
65,0 %Burkina Faso
40%

Distribution des résultats

Percentile par nombre de réponses

% des personnes avec chaque résultat

Votre développement - résultats

Vous n’avez pas pris ce quiz